[Event "RUS-ch Higher League (Women) 71st"]
[Site "Cheboksary"]
[Date "2021.07.04"]
[Round "8"]
[White "Tochilkina, Ekaterina"]
[Black "Miroshnik, Ekaterina"]
[Result "0-1"]
[WhiteElo "1877"]
[BlackElo "2234"]
[PlyCount "74"]
[EventDate "2021.06.26"]
[EventType "swiss"]
[EventRounds "9"]
[EventCountry "RUS"]
[SourceTitle "CBM 203 Extra"]
[Source "ChessBase"]
[SourceDate "2021.09.30"]
[SourceVersion "1"]
[SourceVersionDate "2021.09.30"]
[SourceQuality "1"]

1. e4 e5 2. Nf3 Nc6 3. Bb5 a6 4. Ba4 Nf6 5. 0-0 b5 6. Bb3 Be7 7. d4 exd4 8. e5 Ne4 9. Nxd4 Nxd4 10. Qxd4 Bb7 11. c4 b4 12. Nd2 Nc5 13. Bc2 Ne6 14. Qg4 h5 15. Qg3 Kf8 16. f4 Nd4 17. Bd3 h4 18. Qh3 Kg8 19. Be4 c6 20. Qd3 Bc5 21. Kh1 d5 22. exd6 Qxd6 23. Nf3 h3 24. g3 f5 25. Bxf5 Nxf5 26. Qxf5 Bd4 27. Qe4 Bf6 28. Be3 Rd8 29. Bb6 c5 30. Qe3 Qxb6 31. Rae1 Kf7 32. Kg1 Rhe8 33. Ne5+ Kg8 34. Qf2 Bxe5 35. fxe5 Rf8 36. Qe3 Qc6 37. Rxf8+ Rxf8 0-1

[Event "RUS-ch Higher League (Women) 71st"]
[Site "Cheboksary"]
[Date "2021.07.03"]
[Round "7"]
[White "Tochilkina, Ekaterina"]
[Black "Nur Mukhametova, Alisa"]
[Result "0-1"]
[WhiteElo "1877"]
[BlackElo "2233"]
[PlyCount "108"]
[EventDate "2021.06.26"]
[EventType "swiss"]
[EventRounds "9"]
[EventCountry "RUS"]
[SourceTitle "CBM 203 Extra"]
[Source "ChessBase"]
[SourceDate "2021.09.30"]
[SourceVersion "1"]
[SourceVersionDate "2021.09.30"]
[SourceQuality "1"]

1. e4 e6 2. d4 d5 3. Nd2 Nf6 4. e5 Ne4 5. Ngf3 c5 6. c3 Nc6 7. Bd3 cxd4 8. cxd4 f5 9. exf6 Nxf6 10. 0-0 Bd6 11. Re1 0-0 12. Nf1 Bd7 13. Bg5 Qb6 14. Re2 h6 15. Be3 Ng4 16. Bb1 Nxe3 17. fxe3 Ne7 18. Qd3 Nf5 19. Rf2 Bb5 20. Qd2 Qd8 21. Bc2 Rc8 22. Rd1 Qe7 23. a3 Rxc2 24. Qxc2 Bxf1 25. Rdxf1 Nxe3 26. Qe2 Nxf1 27. Rxf1 Rf4 28. Rc1 Bc7 29. Qd3 Bb6 30. Kh1 Rf8 31. Re1 Qf6 32. h3 Rc8 33. Qe3 Rc6 34. Ne5 Rc2 35. b4 Qf2 36. Qxf2 Rxf2 37. Nf3 Kf7 38. Kh2 Rc2 39. Re3 Rc1 40. Rd3 Bc7+ 41. g3 Rc2+ 42. Nd2 e5 43. dxe5 Bxe5 44. Kg1 Ke6 45. Nb3 b6 46. Kf1 h5 47. Re3 Kd6 48. Rd3 Ra2 49. Nd2 Kc6 50. Ke2 Bb2 51. Rb3 Bxa3 52. Kd3 Kb5 53. Nb1 Ka4 54. Kc3 d4+ 0-1

[Event "RUS-ch Higher League (Women) 71st"]
[Site "Cheboksary"]
[Date "2021.06.28"]
[Round "3"]
[White "Tochilkina, Ekaterina"]
[Black "Nosacheva, Mariya"]
[Result "1/2-1/2"]
[WhiteElo "1877"]
[BlackElo "2226"]
[PlyCount "81"]
[EventDate "2021.06.26"]
[EventType "swiss"]
[EventRounds "9"]
[EventCountry "RUS"]
[SourceTitle "CBM 203 Extra"]
[Source "ChessBase"]
[SourceDate "2021.09.30"]
[SourceVersion "1"]
[SourceVersionDate "2021.09.30"]
[SourceQuality "1"]

1. e4 e5 2. Nf3 Nc6 3. Bb5 a6 4. Ba4 Nf6 5. 0-0 d6 6. Re1 Bd7 7. c3 g6 8. d4 Bg7 9. Nbd2 b5 10. Bc2 0-0 11. Nf1 Nh5 12. Ng3 Bg4 13. d5 Nxg3 14. fxg3 Ne7 15. h3 Bd7 16. Be3 c6 17. dxc6 Bxc6 18. Re2 Qc7 19. Rd2 Rad8 20. Qe2 d5 21. Bc5 dxe4 22. Rxd8 Rxd8 23. Ng5 Bh6 24. Nxe4 f5 25. Bb3+ Kg7 26. Nd6 Be4 27. Nxe4 fxe4 28. Bxe7 Qxe7 29. Qxe4 Kh8 30. Rf1 Rf8 31. Rxf8+ Bxf8 32. Qd5 Kg7 33. Bc2 Qg5 34. Kh2 Kh6 35. Qe4 Bc5 36. Qh4+ Qh5 37. Qxh5+ Kxh5 38. g4+ Kh4 39. g3+ Kg5 40. Kg2 Kf6 41. Kf3 1/2-1/2

[Event "Moscow op (Women) 16th"]
[Site "Moscow"]
[Date "2020.01.29"]
[Round "5"]
[White "Tochilkina, Ekaterina"]
[Black "Khachatryan, Anna"]
[Result "1-0"]
[WhiteElo "1857"]
[BlackElo "2051"]
[PlyCount "111"]
[EventDate "2020.01.25"]
[EventType "swiss"]
[EventRounds "9"]
[EventCountry "RUS"]
[SourceTitle "CBM 194 Extra"]
[Source "ChessBase"]
[SourceDate "2020.03.31"]
[SourceVersion "1"]
[SourceVersionDate "2020.03.31"]
[SourceQuality "1"]

1. e4 c5 2. Nf3 Nc6 3. d4 cxd4 4. Nxd4 g6 5. Nc3 Bg7 6. Be3 Nf6 7. Bc4 0-0 8. Bb3 Re8 9. f3 e6 10. Qd2 d5 11. exd5 Nxd5 12. Bxd5 Nxd4 13. Bxd4 exd5+ 14. Kf1 Be6 15. Bxg7 Kxg7 16. Qd4+ Kg8 17. Rd1 Qa5 18. a3 Rac8 19. Kf2 Rc4 20. Qe3 Bd7 21. Rxd5 Qxd5 22. Qxe8+ Bxe8 23. Nxd5 Rxc2+ 24. Kg3 Rxb2 25. Nf6+ Kf8 26. Re1 Bc6 27. Nxh7+ Kg7 28. Ng5 Ra2 29. Re3 a5 30. Rc3 a4 31. Rd3 Rb2 32. Rd1 Rb3 33. Ra1 f6 34. Ne6+ Kf7 35. Nd4 Rc3 36. Kf4 Ke7 37. h4 Kd6 38. g4 Rd3 39. Nxc6 bxc6 40. h5 gxh5 41. gxh5 Ke6 42. Rc1 Rxa3 43. Rxc6+ Kf7 44. Rc7+ Kg8 45. Ra7 Rb3 46. Rxa4 Rb5 47. Kg4 Rg5+ 48. Kh4 Rf5 49. f4 Kg7 50. Kg4 Rb5 51. Ra7+ Kh6 52. Ra8 Kg7 53. Ra7+ Kh6 54. Rf7 Rb6 55. Kf5 Kxh5 56. Rh7# 1-0

[Event "Moscow op (Women) 16th"]
[Site "Moscow"]
[Date "2020.01.25"]
[Round "1"]
[White "Borisova, Ekaterina"]
[Black "Tochilkina, Ekaterina"]
[Result "1-0"]
[WhiteElo "2331"]
[BlackElo "1857"]
[PlyCount "65"]
[EventDate "2020.01.25"]
[EventType "swiss"]
[EventRounds "9"]
[EventCountry "RUS"]
[SourceTitle "CBM 194 Extra"]
[Source "ChessBase"]
[SourceDate "2020.03.31"]
[SourceVersion "1"]
[SourceVersionDate "2020.03.31"]
[SourceQuality "1"]

1. Nf3 Nf6 2. g3 d5 3. Bg2 c6 4. 0-0 Bf5 5. d3 e6 6. Nh4 Bg4 7. h3 Bh5 8. Qe1 Be7 9. f4 Nfd7 10. Nf3 Bg6 11. e4 a5 12. Nc3 Na6 13. a3 h6 14. g4 f5 15. gxf5 exf5 16. exd5 0-0 17. dxc6 bxc6 18. Be3 Re8 19. Qf2 Rb8 20. Rab1 Qc7 21. d4 Bf7 22. Ne5 Nxe5 23. dxe5 Red8 24. Ne2 Ba2 25. Nd4 Bxb1 26. Ne6 Qd7 27. Nxd8 Qxd8 28. Rxb1 Bxa3 29. Qf1 Bxb2 30. Qxa6 Bd4 31. Qc4+ Kh7 32. Re1 Qh4 33. Qe2 1-0

[Event "RUS Cup U13 Girls final"]
[Site "Bryansk"]
[Date "2019.01.08"]
[Round "5"]
[White "Tochilkina, Ekaterina"]
[Black "Borodkina, Sofia"]
[Result "0-1"]
[WhiteElo "1619"]
[BlackElo "1574"]
[PlyCount "122"]
[EventDate "2019.01.04"]
[EventType "tourn"]
[EventRounds "7"]
[EventCountry "RUS"]
[SourceTitle "CBM 189 Extra"]
[Source "ChessBase"]
[SourceDate "2019.06.03"]
[SourceVersion "1"]
[SourceVersionDate "2019.06.03"]
[SourceQuality "1"]

1. e4 c5 2. Nf3 d6 3. d4 cxd4 4. Nxd4 Nf6 5. Nc3 a6 6. Be2 e5 7. Nb3 Be6 8. f4 exf4 9. Bxf4 Nc6 10. g4 Nxg4 11. Bxg4 Qh4+ 12. Bg3 Qxg4 13. Qxg4 Bxg4 14. 0-0 Be6 15. Rad1 0-0-0 16. Nd5 f6 17. a3 h5 18. Nf4 Bg4 19. Rd2 Ne5 20. Nd4 h4 21. Be1 Re8 22. h3 Bd7 23. Re2 Rh6 24. Kh2 Nc6 25. Nf3 g5 26. Nd5 Be6 27. c4 Bxd5 28. cxd5 Ne7 29. Rc2+ Kb8 30. Bb4 Ng6 31. Re1 Nf4 32. Nd4 Nd3 33. Re3 Nxb4 34. axb4 Rh7 35. Ne6 Bh6 36. Rf3 Bg7 37. Rfc3 f5 38. Re3 Be5+ 39. Kg2 fxe4 40. Rxe4 Bf6 41. Rf2 Be5 42. Rc4 Rg8 43. Rg4 Re7 44. Kf1 Rc8 45. Rxg5 Rc1+ 46. Kg2 Bg3 47. Re2 Rf7 48. Rg8+ Ka7 49. Rg7 Rff1 50. Rc7 Rg1+ 51. Kf3 Rgf1+ 52. Ke3 Rxc7 53. Nxc7 Rf4 54. b5 Rc4 55. Ne8 axb5 56. Kd3 Be5 57. Rxe5 dxe5 58. d6 Kb6 59. b3 Rd4+ 60. Ke3 Kc6 61. Nc7 Rxd6 0-1